| 000 | 00584nam a2200205Ii 4500 | ||
|---|---|---|---|
| 003 | JO-AjNU | ||
| 008 | 230605s9999||||xx |||||||||||||| ||und|| | ||
| 040 |
_aJO-AjNU _bara _erda _cJO-AjNU |
||
| 041 | _aara | ||
| 050 | 1 | 4 | _aBF698.A93 2009 |
| 100 | 3 |
_aتاليف العزام، سهيل محمد, _eauthor _950379 |
|
| 245 | 0 | 0 | _aكيف تبني شخصيتك |
| 250 | _aط1 | ||
| 264 | 3 | 1 | _aد.ن: د.ن، 2006 |
| 300 | _a47ص | ||
| 336 |
_atext _btxt _2rdacontent |
||
| 337 |
_aunmediated _bn _2rdamedia |
||
| 338 |
_avolume _bnc _2rdacarrier |
||
| 650 | 4 |
_aالشخصية _950380 |
|
| 999 |
_aA22189 _c25757 _d25757 |
||